| 000 | 00559nam a2200181Ia 4500 | ||
|---|---|---|---|
| 005 | 20260429112242.0 | ||
| 008 | 260429s9999||||xx |||||||||||||| ||und|| | ||
| 020 | _a8177142062 | ||
| 041 | _aHindi | ||
| 082 |
_a305.42 _bANA |
||
| 100 | _aअनामिका | ||
| 245 | 0 |
_aपानी जो पत्थर पीता है / _cअनामिका |
|
| 250 | _a0 | ||
| 260 |
_aदिल्ली : _bप्रकाशन संस्थान, _c2012. |
||
| 300 | _a112 p.; Hb | ||
| 650 | _aस्त्री विमर्श | ||
| 942 | _cTB | ||
| 999 |
_c53128 _d53128 |
||